[Event "TCh-BEL 2012-13"]
[Site "Buellingen BEL"]
[Date "2013.03.24"]
[Round "11.3"]
[White "Vandenbussche,T"]
[Black "Balduan,M"]
[Result "1-0"]
[WhiteElo "2400"]
[BlackElo "2288"]

1.e4 c5 2.Nf3 Nc6 3.Bb5 g6 4.O-O Bg7 5.c3 e5 6.Na3 Nge7 7.Nc4 O-O 8.Nd6 Qc7
9.Nxc8 Raxc8 10.d3 h6 11.Be3 a6 12.Ba4 d6 13.d4 b5 14.dxc5 dxc5 15.Bc2 Na5
16.Qe2 Nc4 17.Bc1 Na5 18.a4 c4 19.h4 Nec6 20.axb5 axb5 21.h5 Qe7 22.Nh2 g5
23.Ng4 Nb7 24.b4 Ra8 25.Be3 Qe6 26.f3 Rfd8 27.Bf2 Qe8 28.Bb6 Rd6 29.Qf2 Kh7
30.Bc7 Rd7 31.Qb6 Rxa1 32.Rxa1 Rd2 33.Ne3 Ncd8 34.Ra7 Qd7 35.Bxd8 Rxc2 36.Nxc2 Qd1+
37.Kh2 Nxd8 38.Ne3 Qd2 39.Ra8 Ne6 40.Qb8 Bf8 41.Qe8 Kg8 42.Ra7 Nd8 43.Rd7 Qxe3
44.Rxd8  1-0

[Event "ch-Moscow 2013"]
[Site "Moscow RUS"]
[Date "2013.03.26"]
[Round "5.1"]
[White "Stukopin,A"]
[Black "Eliseev,U"]
[Result "0-1"]
[WhiteElo "2500"]
[BlackElo "2541"]

1.e4 c5 2.Nf3 Nc6 3.Bb5 g6 4.O-O Bg7 5.Re1 Nf6 6.c3 O-O 7.h3 Qb6 8.Na3 d5
9.e5 Ne8 10.Bf1 Nc7 11.d3 Ne6 12.Qb3 Qd8 13.Nc2 d4 14.Bd2 b6 15.cxd4 cxd4
16.Nb4 Bb7 17.Nxc6 Bxc6 18.Ng5 Nc5 19.Qc4 Qd5 20.b4 Na4 21.f4 Rac8 22.Rac1 Bh6
23.b5 Qxc4 24.dxc4 Bb7 25.h4 a5 26.bxa6 Bxa6 27.Bb4 Nc5 28.g3 Bxg5 29.hxg5 Rfd8
30.Red1 Rc7 31.Rc2 Rcd7 32.Ba3 Ne4 33.Bd3 Nc3 34.Re1 Rc7 35.Bb4 Bxc4 36.Bxc4 Rxc4
37.Bxe7 d3 38.Rd2 Rdd4 39.Re3 Nd5 40.Rexd3 Rxd3 41.Rxd3 Nxe7 42.Rd8+ Kg7
43.Rd7 Nf5 44.e6 Re4 45.g4 Nd4 46.e7 Nc6 47.f5 gxf5 48.gxf5 Nxe7 49.f6+ Kg6
50.fxe7 Kxg5 51.e8=Q Rxe8 52.Rxf7 h5 53.Rf3 Re1+ 54.Kf2 Ra1 55.Rb3 Rxa2+
56.Kg3 h4+ 57.Kh3 Ra6 58.Rb5+ Kf4 59.Kxh4 Ke4 60.Kg4 Kd4 61.Rb1 Kc4 62.Kf4 b5
63.Ke3 b4 64.Kd2 Ra2+ 65.Kd1 Rh2  0-1

[Event "29th Spring Festival"]
[Site "Budapest HUN"]
[Date "2013.03.27"]
[Round "9.5"]
[White "Farkas,R"]
[Black "Brustkern,J"]
[Result "1/2-1/2"]
[WhiteElo "2121"]
[BlackElo "2237"]

1.e4 c5 2.Nf3 Nc6 3.Bb5 g6 4.O-O Bg7 5.Bxc6 dxc6 6.d3 e5 7.h3 Qe7 8.Be3 Nf6
9.Nbd2 h6 10.a4 g5 11.Nc4 Nd7 12.a5 Nf8 13.c3 g4 14.Ne1 gxh3 15.g3 h5 16.f3 Bh6
17.Qd2 Bxe3+ 18.Qxe3 Rg8 19.Kh2 Ng6 20.d4 h4 21.g4 cxd4 22.cxd4 Be6 23.Nxe5 Nxe5
24.dxe5 Bc4 25.Rf2 Qxe5+ 26.f4 Qb5 27.g5 Rd8 28.Rd2 Ke7 29.Qa3+ c5 30.Rxd8 Rxd8
31.Qc3 Rd4 32.Nf3 Rd3 33.Qf6+ Ke8 34.Qh8+ Ke7 35.Qf6+ Ke8  1/2-1/2

[Event "29th Spring Festival"]
[Site "Budapest HUN"]
[Date "2013.03.27"]
[Round "9.3"]
[White "Kubacsny,L"]
[Black "Keschitz,G"]
[Result "1-0"]
[WhiteElo "2256"]
[BlackElo "2223"]

1.e4 c5 2.Nf3 Nc6 3.Bb5 g6 4.O-O Bg7 5.Re1 Nf6 6.Nc3 O-O 7.e5 Ne8 8.Bxc6 dxc6
9.d3 Nc7 10.h3 Ne6 11.Ne4 h6 12.Be3 b6 13.Qd2 Kh7 14.Nh2 f5 15.exf6 exf6
16.Nc3 Qd6 17.f4 Nd4 18.Ne4 Qc7 19.Rad1 Bd7 20.c3 Nf5 21.Bf2 Rad8 22.g4 Nd6
23.Ng3 Be8 24.f5 g5 25.Qe2 Bf7 26.c4 Rd7 27.b3 Rfd8 28.Nf3 Bf8 29.Nd2 Ne8
30.Nde4 Be7 31.Kg2 Ng7 32.Rh1 Rh8 33.h4 Ne8 34.Rh3 Kg7 35.Rdh1 Qe5 36.Be3 Nd6
37.Bc1 Nxe4 38.Nxe4 Rdd8 39.Bb2 Rd4 40.Re3 Qf4 41.Rf1 Qc7 42.Bxd4 cxd4 43.Rh3 Re8
44.hxg5 hxg5 45.Qf3 Qe5 46.Rfh1 Rg8 47.Rh7+ Kf8 48.Rh8 Bd8 49.Rxg8+ Kxg8
50.Qh3 Kf8 51.Qh8+ Ke7 52.Re1 Kd7 53.Qg7 Qe7 54.Re2 Kc8 55.Qxf7  1-0

[Event "44th Marcel Duchamp"]
[Site "Buenos Aires ARG"]
[Date "2013.03.27"]
[Round "6.18"]
[White "Leskovar,Mar"]
[Black "Vazquez,M"]
[Result "0-1"]
[WhiteElo "2333"]
[BlackElo "2134"]

1.e4 c5 2.Nf3 Nc6 3.Bb5 g6 4.O-O Bg7 5.Re1 e5 6.b4 cxb4 7.a3 Nge7 8.axb4 O-O
9.c3 d5 10.d3 d4 11.Bxc6 Nxc6 12.b5 Ne7 13.cxd4 exd4 14.Nbd2 Be6 15.Ba3 h6
16.Qa4 Qd7 17.Qb4 Rfe8 18.Bb2 Red8 19.Rec1 g5 20.Nb3 Ng6 21.Nc5 Qd6 22.Qd2 Bg4
23.Ne1 Qb6 24.f3 Bc8 25.Ra5 Nf4 26.Na4 Qg6 27.b6 a6 28.Rc7 Ne6 29.Rc4 Bd7
30.Rd5 Bb5 31.Rxd8+ Nxd8 32.Rb4 Nc6 33.Rxb5 axb5 34.Nc5 Bf8 35.Nb3 Ra2 36.Qc1 Qd6
37.Qd1 Qb4  0-1

[Event "44th Marcel Duchamp"]
[Site "Buenos Aires ARG"]
[Date "2013.03.28"]
[Round "7.8"]
[White "Pierrot,Fac"]
[Black "Tobares,L"]
[Result "1-0"]
[WhiteElo "2426"]
[BlackElo "2303"]

1.e4 c5 2.Nf3 Nc6 3.Bb5 g6 4.Bxc6 bxc6 5.O-O Bg7 6.Re1 Nh6 7.c3 O-O 8.h3 f6
9.d4 cxd4 10.cxd4 Rb8 11.Nc3 Nf7 12.b3 d6 13.Bb2 Qa5 14.Qc2 Bd7 15.Ne2 Rfc8
16.Nd2 Qa6 17.Nf4 Ng5 18.e5 Bf5 19.Qc1 Bh6 20.exf6 exf6 21.Qc3 Nf7 22.Qg3 d5
23.Nf1 Ng5 24.Qh4 Bg7 25.Ng3 Be4 26.Qg4 Re8 27.h4 Nf7 28.f3 Nh6 29.Qh3 Bf5
30.Nxf5 Nxf5 31.h5 Qa5 32.Rxe8+ Rxe8 33.hxg6 Re1+ 34.Kh2 hxg6 35.Nxg6 Ne3
36.Qc8+ Kh7 37.Nf4 Rxa1 38.Bxa1 Qe1 39.Qh3+ Bh6 40.Qd7+ Kg8 41.Qe6+ Kh7 42.Qd7+ Kg8
43.Qe8+ Bf8 44.Qg6+ Bg7 45.Bc3 Qh4+ 46.Nh3 Nd1 47.Bd2 Qxd4 48.Bh6 f5 49.Bxg7 Qxg7
50.Qxc6 Qe5+ 51.f4 Qe4 52.Qc8+ Kg7 53.Qc7+  1-0

[Event "17th Neckar Open"]
[Site "Deizisau GER"]
[Date "2013.03.28"]
[Round "1.1"]
[White "Naiditsch,A"]
[Black "Stuemer,P"]
[Result "1-0"]
[WhiteElo "2706"]
[BlackElo "2117"]

1.e4 c5 2.Nf3 Nc6 3.Bb5 Na5 4.O-O a6 5.Be2 e6 6.c4 Ne7 7.d4 cxd4 8.Nxd4 Qc7
9.Nc3 Ng6 10.Na4 b6 11.Be3 Rb8 12.Rc1 Be7 13.Qd2 Nc6 14.c5 b5 15.Nb6 O-O
16.f4 Bb7 17.Nf3 Rbd8 18.e5 f6 19.exf6 Bxf6 20.Rfd1 Be7 21.g3 e5 22.Nd5 Qb8
23.Rf1 Kh8 24.Bd3 Bf6 25.Nxf6 gxf6 26.Bxg6 hxg6 27.Nh4 Ne7 28.Qd6 Qxd6 29.cxd6 Nd5
30.Nxg6+ Kg7 31.Nxf8 Nxe3 32.Rc7 Kxf8 33.Re1 Ng2 34.Re2 exf4 35.Rxb7 f3 36.Re7  1-0

[Event "Mexico International Open"]
[Site "Puebla MEX"]
[Date "2013.03.28"]
[Round "4.2"]
[White "Macieja,B"]
[Black "Ibarra Chami,L"]
[Result "1-0"]
[WhiteElo "2630"]
[BlackElo "2481"]

1.e4 c5 2.Nf3 Nc6 3.Bb5 e6 4.Bxc6 bxc6 5.d3 Ne7 6.Qe2 f6 7.Nh4 g6 8.f4 Bg7
9.c4 O-O 10.O-O d6 11.Nc3 f5 12.Nf3 fxe4 13.dxe4 Ba6 14.Rd1 Nc8 15.e5 d5
16.Na4 Bxc4 17.Qf2 d4 18.b3 Bd5 19.Nxc5 Qe7 20.Nd3 Bxf3 21.Qxf3 Nb6 22.Qxc6 Rac8
23.Qd6 Qxd6 24.exd6 Rfd8 25.Ba3 Nd5 26.Rac1 Rc3 27.g3 Bf8 28.Bb2 Rxc1 29.Rxc1 Rxd6
30.Rc8 Ne7 31.Ra8 Rd7 32.Nc5 Rd6 33.Ne4 d3 34.Ba3 Rd7 35.Bb4 Rb7 36.Bc5 Rc7
37.Rd8 d2 38.Rxd2 Nd5 39.Bxf8 Kxf8 40.Ng5 Rc1+ 41.Kf2 Nc3 42.Nxe6+ Ke7 43.Nc5 Nb1
44.Re2+ Kf7 45.Ne4 h6 46.Ke3 Na3 47.Kd3 Rc6 48.Rd2 Ke6 49.Re2 Kf5 50.Nf2 g5
51.Re5+ Kg6 52.f5+  1-0

[Event "ch-WLS 2013"]
[Site "Cardiff WLS"]
[Date "2013.03.29"]
[Round "1.4"]
[White "Ehsandar,Peter"]
[Black "Rees,I"]
[Result "0-1"]
[WhiteElo "1950"]
[BlackElo "2248"]

1.e4 c5 2.Nf3 Nc6 3.Bb5 e6 4.Bxc6 bxc6 5.b3 Ne7 6.Bb2 Ng6 7.d3 d6 8.e5 dxe5
9.O-O Bd6 10.Nbd2 O-O 11.Re1 f6 12.Ne4 Be7 13.Qd2 Nf4 14.Ba3 Qb6 15.Qc3 Nd5
16.Qd2 Rd8 17.Nc3 a5 18.Na4 Qa7 19.Qe2 Ba6 20.Bc1 Bf8 21.Nd2 Bb5 22.Nb2 Nc3
23.Qf3 a4 24.Ne4 Nxe4 25.Qxe4 axb3 26.cxb3 Rd4 27.Qf3 Rad8 28.Be3 R4d5 29.h3 Qa6
30.Rec1 Bxd3 31.Nxd3 Qxd3 32.Rc4 f5 33.Rac1 e4 34.Qg3 Bd6 35.Qh4 Qd1+  0-1

[Event "36th San Sebastian Open"]
[Site "Donostia ESP"]
[Date "2013.03.29"]
[Round "8.11"]
[White "Gonzalez Pereira,A"]
[Black "Gonzalez Perez,A"]
[Result "0-1"]
[WhiteElo "2053"]
[BlackElo "2454"]

1.e4 c5 2.Nf3 Nc6 3.Bb5 e6 4.O-O Nge7 5.Re1 a6 6.Bf1 d5 7.exd5 Nxd5 8.d4 Nf6
9.Be3 Be7 10.c4 O-O 11.Nc3 cxd4 12.Nxd4 Qc7 13.Qe2 Bd7 14.Rad1 Rfe8 15.a3 h6
16.b4 Rad8 17.Nb3 Bd6 18.Kh1 e5 19.c5 Bf8 20.Qb2 Ng4 21.Nd5 Qb8 22.h3 Nxe3
23.fxe3 e4 24.Nf4 Ne5 25.Nd4 b6 26.Qc2 bxc5 27.bxc5 Qa8 28.Qe2 a5 29.Qa2 Bxc5
30.Nd5 Rc8 31.Rc1 Nd3 32.Bxd3 exd3 33.Rcd1 Bxd4 34.exd4 Be6 35.Ne7+ Rxe7
36.d5 Bxd5  0-1

[Event "Pobeskydi Open 2013"]
[Site "Frydek-Mistek CZE"]
[Date "2013.03.29"]
[Round "3"]
[White "Petr,Ja2"]
[Black "Kula,Dominik"]
[Result "1-0"]
[WhiteElo "2033"]
[BlackElo "1831"]

1.e4 c5 2.Nf3 Nc6 3.Bb5 g6 4.Bxc6 dxc6 5.h3 Bg7 6.d3 Nf6 7.Nc3 O-O 8.Be3 Nd7
9.Qd2 b5 10.Bh6 b4 11.Bxg7 Kxg7 12.Nd1 a5 13.Ne3 Nf6 14.O-O Ba6 15.e5 Ng8
16.Rad1 Qc7 17.Nc4 Rad8 18.Qe3 Rd5 19.Qe4 Rfd8 20.Ne3 R5d7 21.e6 fxe6 22.Ng5 Nf6
23.Nxe6+ Kf7 24.Nxc7 Nxe4 25.Nxa6  1-0

[Event "Mexico International Open"]
[Site "Puebla MEX"]
[Date "2013.03.29"]
[Round "6.1"]
[White "Macieja,B"]
[Black "Gonzalez Zamora,J"]
[Result "1-0"]
[WhiteElo "2630"]
[BlackElo "2527"]

1.e4 c5 2.Nf3 Nc6 3.Bb5 d6 4.d4 cxd4 5.Qxd4 Bd7 6.Qd3 Nf6 7.c4 e6 8.Nc3 a6
9.Bxc6 Bxc6 10.O-O Be7 11.Nd4 Rc8 12.Nxc6 Rxc6 13.Ne2 O-O 14.Nd4 Rc8 15.b3 Qc7
16.Bb2 Rfd8 17.f4 Nd7 18.Kh1 Bf6 19.Rad1 Qa5 20.a4 Qb6 21.Qf3 Rf8 22.Bc3 Qc7
23.Ne2 Rfd8 24.Bxf6 Nxf6 25.Nd4 b6 26.g4 Nd7 27.h4 g6 28.h5 Re8 29.h6 Qd8
30.Ne2 Qh4+ 31.Kg2 d5 32.g5 f6 33.Ng3 fxg5 34.fxg5 Re7 35.exd5 Qxg5 36.d6 Ne5
37.Qf6 Qxf6 38.Rxf6 Rd7 39.Ne4 Ng4 40.Rf4 Ne3+ 41.Kf3 Nxd1 42.Nf6+ Kh8 43.Nxd7 Nb2
44.Ne5  1-0

[Event "ch-WLS 2013"]
[Site "Cardiff WLS"]
[Date "2013.03.30"]
[Round "2.6"]
[White "Kett,T"]
[Black "Kostanjsek,Luke"]
[Result "1-0"]
[WhiteElo "2220"]
[BlackElo "1881"]

1.e4 c5 2.Nf3 Nc6 3.Bb5 g6 4.Bxc6 dxc6 5.d3 Bg7 6.Nc3 e5 7.Be3 Qe7 8.h3 Nf6
9.Qd2 h6 10.O-O-O Nd7 11.Nh2 g5 12.Nf1 Nf8 13.Ng3 Rh7 14.Nf5 Bxf5 15.exf5 O-O-O
16.Ne4 b6 17.Qc3 Kb7 18.Qc4 Nd7 19.h4 g4 20.h5 Bf6 21.a4 Bg5 22.Bxg5 hxg5
23.Rh2 Nf6 24.c3 Nd5 25.h6 f6 26.Kc2 Rdh8 27.Rdh1 Qf8 28.a5 g3 29.Nxg3 b5
30.Qg4 Rxh6 31.Rxh6 Rxh6 32.Rxh6 Qxh6 33.Qh5 Qxh5 34.Nxh5 c4 35.dxc4 bxc4
36.b3 cxb3+ 37.Kxb3 g4 38.c4 Ne7 39.Nxf6 g3 40.fxg3 Nxf5 41.g4 Nd4+ 42.Kb4 Nc2+
43.Kc3 Ne3 44.g5 Nf5 45.g6 Ng7 46.g4  1-0

[Event "e2e4 Dublin Masters"]
[Site "Dublin IRL"]
[Date "2013.03.30"]
[Round "5"]
[White "Aoustin,A"]
[Black "Cafolla,P"]
[Result "1/2-1/2"]
[WhiteElo "2130"]
[BlackElo "2051"]

1.e4 c5 2.Nf3 Nc6 3.Bb5 e6 4.O-O Nge7 5.c3 a6 6.Ba4 b5 7.Bc2 d5 8.e5 Ng6
9.d4 Be7 10.g3 Qb6 11.h4 cxd4 12.cxd4 f5 13.exf6 gxf6 14.h5 Nf8 15.Bh6 Ra7
16.Bg7 Rg8 17.Bxf8 Bxf8 18.Nc3 Rag7 19.h6 Rf7 20.Re1 Kd8 21.Qe2 Bd7 22.Qe3 Be7
23.Rac1 Rg4 24.Red1 f5 25.Ne5 Nxe5 26.Qxe5 Bf6 27.Nxd5 Bxe5 28.Nxb6 Bxd4
29.Nxd7 Rxd7 30.Kg2 Bxb2 31.Rb1 Ba3 32.Rb3 Bf8 33.Re1 Rd6 34.Rbe3 Kd7 35.Bb3 Rg6
36.R1e2 Bxh6 37.Rc3 Bg7 38.Rce3 e5 39.Rc3 f4 40.Rec2 Ke7 41.Rc7+ Rd7 42.R7c6 fxg3
43.Rxg6 hxg6 44.Kxg3 Rd6 45.Rc7+ Rd7 46.Rc6 a5 47.Rxg6 Bf6 48.Rg4 Rd3+ 49.f3 a4
50.Bg8 Rd1 51.Kf2 Rb1 52.Ke3 Kf8 53.Bd5 Bg7 54.Kd2 Bh6+ 55.Kc2 Rc1+ 56.Kb2 Rc5
57.Be4 b4 58.Rg1 Be3 59.Rd1 Bd4+ 60.Kb1 b3 61.axb3 axb3 62.Rc1 Ra5 63.Rc8+ Ke7
64.Ra8 Rc5 65.Rb8 b2 66.Rb7+ Kf6 67.Bc2 Ra5 68.Be4 Ra1+ 69.Kc2 Kg5 70.Kd2 Kf4
71.Ke2 Kg5 72.Rg7+ Kf6 73.Rb7 Ke6 74.Kd2 Kd6 75.Rb5 Ra3 76.Kc2 Rc3+ 77.Kd2 Rc1  1/2-1/2

[Event "Mexico International Open"]
[Site "Puebla MEX"]
[Date "2013.03.30"]
[Round "7.7"]
[White "Perez Garcia,Rodn"]
[Black "Gonzalez Garcia,J2"]
[Result "1/2-1/2"]
[WhiteElo "2385"]
[BlackElo "2517"]

1.e4 c5 2.Nf3 Nc6 3.Bb5 d6 4.Bxc6+ bxc6 5.O-O Bg4 6.Re1 e6 7.d3 Nf6 8.h3 Bh5
9.e5 Nd7 10.exd6 Bxd6 11.Nbd2 O-O  1/2-1/2

[Event "17th Neckar Open"]
[Site "Deizisau GER"]
[Date "2013.03.31"]
[Round "6.7"]
[White "Lobzhanidze,D"]
[Black "Saric,Iv"]
[Result "0-1"]
[WhiteElo "2450"]
[BlackElo "2616"]

1.e4 c5 2.Nf3 Nc6 3.Bb5 g6 4.Bxc6 dxc6 5.h3 Bg7 6.d3 b6 7.O-O Nh6 8.Nc3 O-O
9.Be3 f6 10.Qd2 Nf7 11.Nh2 e5 12.f4 exf4 13.Bxf4 f5 14.exf5 Bxf5 15.Rae1 Qd7
16.Re2 Rae8 17.Rfe1 Rxe2 18.Rxe2 h6 19.Qe1 c4 20.dxc4 Qd4+ 21.Be3 Qxc4 22.Bf2 Ng5
23.Re8 Bxc2 24.Ng4 Bf5 25.Rxf8+ Kxf8 26.Ne3 Qd3 27.Nxf5 Qxf5 28.Qd1 Nf7 29.Qa4 Qd7
30.Qe4 g5 31.Qf3 Kg8 32.Bg3 b5 33.Kh1 Qe6 34.a3 a5 35.a4 b4 36.Ne4 Bxb2 37.Nc5 Qg6
38.Nb3 c5 39.Nxc5 Bd4 40.Bf2 Be5 41.g4 Qf6 42.Qxf6 Bxf6 43.Nb3 Bd8 44.Bg3 Kg7
45.Kg2 Kf6 46.Kf3 Ne5+ 47.Ke4 Nc4 48.Bf2 Ke6 49.Nd4+ Kd7 50.Nb3 Nb2 51.Kd5 Nxa4
52.Kc4 Nb2+ 53.Kb5 Nd1 54.Bd4 Nc3+ 55.Kc4 Ne4 56.Kb5 Nc3+ 57.Kc4 Kc6 58.Bxc3 bxc3
59.Kxc3 Kd5 60.Nd2 Ke5 61.Nc4+ Kf4 62.Nd6 Be7 63.Nf5 Bf8 64.Kb3 h5 65.Nd4 hxg4
66.hxg4 Kxg4 67.Ka4 Bb4  0-1

[Event "6th Montalvo Open"]
[Site "Las Palmas ESP"]
[Date "2013.03.31"]
[Round "9.32"]
[White "Sanabria Taskila,Daniel Kristia"]
[Black "Lin Ying,Rui"]
[Result "0-1"]
[WhiteElo "1410"]
[BlackElo "1431"]

1.e4 c5 2.Nf3 Nc6 3.Bb5 d6 4.O-O a6 5.Bxc6+ bxc6 6.h3 e5 7.c3 Qc7 8.d4 cxd4
9.cxd4 Nf6 10.Qc2 Be7 11.Bg5 O-O 12.d5 Bd7 13.Nbd2 Rac8 14.Rac1 Qd8 15.Qd3 cxd5
16.exd5 Bb5 17.Nc4 e4 18.Qe2 exf3 19.gxf3 Nxd5 20.Bd2 Rxc4 21.Rxc4 Nb6 22.b3 d5
23.Ba5 dxc4 24.Bxb6 Qxb6 25.bxc4 Qg6+ 26.Kh1 Bc6 27.Rg1 Qh5  0-1

[Event "ch-SRB w 2013"]
[Site "Pirot SRB"]
[Date "2013.04.01"]
[Round "10"]
[White "Eric,J"]
[Black "Maksimovic,S"]
[Result "0-1"]
[WhiteElo "2240"]
[BlackElo "2201"]

1.e4 c5 2.Nf3 Nc6 3.Bb5 g6 4.O-O Bg7 5.c3 Nf6 6.Re1 O-O 7.h3 e5 8.d4 exd4
9.cxd4 d5 10.exd5 Nxd4 11.Nxd4 cxd4 12.Qxd4 Nxd5 13.Qa4 Be6 14.Nd2 Rc8 15.Ne4 a6
16.Bf1 b5 17.Qxa6 Nb4 18.Qxb5 Nc2 19.Bg5 Qd5 20.Be7 Nxa1 21.Bxf8 Rxf8 22.Nc5 Qxa2
23.Nxe6 fxe6 24.Rxe6 Qxb2 25.Qxb2 Bxb2 26.Bc4 Kh8 27.h4 Rf4 28.Re8+ Kg7 29.Re7+ Kf8
30.Rc7 Bd4 31.Rc8+ Kg7 32.Kh2 Rxh4+ 33.Kg3 g5 34.Rc7+ Kf6 35.Rc6+ Ke7 36.Bg8 Rf4
37.f3 h5 38.Rh6 h4+ 39.Kh3 Nc2 40.Re6+ Kf8 41.Rg6 Bf6 42.Bd5 Ne3 43.Rg8+ Ke7
44.Bc6 Rc4 45.Re8+ Kd6 46.Rxe3 Rxc6 47.g3 hxg3 48.Kxg3 Be5+ 49.Kg4 Rc4+ 50.Kf5 Bf4
51.Rd3+ Kc5 52.Rd8 Ra4 53.Rd3 Rd4 54.Rc3+ Kb4 55.Rc8 Rc4 56.Rd8 Kc3 57.Rd7 Rd4
58.Re7 Kd3 59.Re4 Be3 60.Re5 Ke2 61.Re4 Rxe4 62.fxe4 Kf3  0-1

[Event "Asian Juniors 2013"]
[Site "Sharjah UAE"]
[Date "2013.04.01"]
[Round "4.1"]
[White "Narayanan,Sri"]
[Black "Salem,AR"]
[Result "1-0"]
[WhiteElo "2440"]
[BlackElo "2518"]

1.e4 c5 2.Nf3 Nc6 3.Bb5 e6 4.O-O Nge7 5.Re1 Nd4 6.Nxd4 cxd4 7.d3 a6 8.Ba4 b5
9.Bb3 g6 10.a4 Bb7 11.Bg5 Bg7 12.axb5 axb5 13.Rxa8 Bxa8 14.Na3 Bc6 15.Qd2 h6
16.Bh4 g5 17.Bg3 O-O 18.Bd6 Ng6 19.Qb4 Qf6 20.Nxb5 Ra8 21.Na7 Kh7 22.Nxc6 dxc6
23.Qb7 Rd8 24.Qc7 Rxd6 25.Qxd6 Ne5 26.Rf1 Qf4 27.Qb4 Nf3+ 28.gxf3 g4 29.Qe7 gxf3
30.Bxe6 h5 31.Bf5+ Kh6 32.h4  1-0

[Event "FSFMA April 2013"]
[Site "Budapest HUN"]
[Date "2013.04.06"]
[Round "1.1"]
[White "Farkas,R"]
[Black "Darazs,Z"]
[Result "1/2-1/2"]
[WhiteElo "2148"]
[BlackElo "2126"]

1.e4 c5 2.Nf3 Nc6 3.Bb5 g6 4.O-O Bg7 5.Re1 e5 6.Nc3 Nge7 7.d3 O-O 8.Bc4 d6
9.a3 Bg4 10.h3 Bxf3 11.Qxf3 Nd4 12.Qd1 h6 13.Nd5 b5 14.Nxe7+ Qxe7 15.Bd5 Rab8
16.c3 Ne6 17.Be3 Kh7 18.f3 f5 19.Bxe6 Qxe6 20.Bf2 Rfd8 21.d4 fxe4 22.d5 Qe7  1/2-1/2

[Event "TCh-CAT Div Hon 2013"]
[Site "Catalonia ESP"]
[Date "2013.04.06"]
[Round "10.1"]
[White "De la Riva Aguado,O"]
[Black "Fluvia Poyatos,Joa"]
[Result "1/2-1/2"]
[WhiteElo "2522"]
[BlackElo "2499"]

1.e4 c5 2.Nf3 Nc6 3.Bb5 e6 4.O-O Nge7 5.c3 a6 6.Ba4 b5 7.Bc2 Bb7 8.Re1 d5
9.e5 d4 10.Be4 Nd5 11.d3 dxc3 12.bxc3 Be7 13.c4  1/2-1/2

[Event "e2e4 Gatwick Open 2013"]
[Site "Crawley ENG"]
[Date "2013.04.06"]
[Round "2"]
[White "Atako,C"]
[Black "Zhang,Anthony Y"]
[Result "1/2-1/2"]
[WhiteElo "2113"]
[BlackElo "1773"]

1.e4 c5 2.Nf3 Nc6 3.Bb5 g6 4.O-O Bg7 5.Bxc6 dxc6 6.d3 e5 7.Nbd2 Ne7 8.Nc4 f6
9.Be3 b6 10.a4 a5 11.c3 Be6 12.b4 Bxc4 13.dxc4 Qxd1 14.Rfxd1 cxb4 15.cxb4 Nc8
16.bxa5 Rxa5 17.Rdb1 c5 18.Rb5 Ra6 19.a5 O-O 20.Nd2 Rd8 21.Kf1 Bf8 22.Ke2 Bd6
23.Nb3 bxa5 24.Raxa5 Rxa5 25.Nxa5 Na7 26.Rb7 Ra8 27.Nb3 Nc6 28.Rb6 Rc8 29.Nxc5 Bxc5
30.Bxc5 Na5 31.Bb4 Nxc4 32.Rxf6 Rb8 33.Bc3 Rb5 34.Ra6 Rc5 35.Kd3 Rc7 36.f3 Rc5
37.Ra4 Nd6 38.Ra5 Rc6 39.Bxe5 Nc4 40.Ra8+ Kf7 41.Bd4 Ke6 42.Ra4 Nd6 43.h4 h5
44.Ra8 Nb5 45.Bb2 Rd6+ 46.Ke3 Rc6 47.Rg8 Kf7 48.Rg7+ Kf8 49.Rb7 Nd6 50.Rb8+ Kf7
51.Kd3 Nc4 52.Bc3 Nd6 53.Bb4 Ne8 54.Rb7+ Kf6 55.Kd4 Nc7 56.Ba5 Ne6+ 57.Kd5 Rc5+
58.Kd6 Rxa5 59.Rb6 Ra2 60.e5+ Kf5 61.g4+ hxg4 62.fxg4+ Kxg4 63.Kxe6 Kxh4
64.Kf6 g5 65.e6 g4 66.e7 Ra8 67.Kf5 Re8 68.Kf4 Kh3 69.Rh6+ Kg2 70.Rh7 g3
71.Ke3 Kf1 72.Rf7+ Kg1 73.Ke2 g2 74.Rh7 Ra8 75.Ke1 Ra1+ 76.Ke2 Ra2+ 77.Ke3 Ra8
78.Rg7 Ra3+ 79.Ke2 Ra2+ 80.Kf3 Ra3+ 81.Kf4 Ra4+ 82.Kg3 Ra3+ 83.Kf4 Ra4+ 84.Ke5 Ra8
85.Rf7 Re8 86.Kf4 Kh1 87.Rh7+ Kg1 88.Kg3 Ra8 89.Rf7 Re8 90.Kf3 Kh1 91.Rh7+ Kg1
92.Ke2 Ra8  1/2-1/2

[Event "23rd ch-SLO 2013"]
[Site "Sentjur SLO"]
[Date "2013.04.06"]
[Round "2.24"]
[White "Spacapan,Simon"]
[Black "Pozun,Matej"]
[Result "1-0"]
[WhiteElo "1915"]
[BlackElo "1645"]

1.e4 c5 2.Nf3 Nc6 3.Bb5 d6 4.d4 cxd4 5.Qxd4 Bd7 6.Bxc6 Bxc6 7.Nc3 Nf6 8.Bg5 Qa5
9.O-O-O b5 10.Kb1 b4 11.Nd5 Nxd5 12.exd5 Bd7 13.Rhe1 Qc7 14.Qxb4 e5 15.dxe6 fxe6
16.Nd4 e5 17.Nb5 Bxb5 18.Qxb5+ Kf7 19.Qd5+ Ke8 20.Qxa8+  1-0

[Event "TCh-CRO II Liga 2013"]
[Site "Split CRO"]
[Date "2013.04.06"]
[Round "2.1"]
[White "Jakic,I"]
[Black "Sale,S"]
[Result "1/2-1/2"]
[WhiteElo "2413"]
[BlackElo "2415"]

1.e4 c5 2.Nf3 Nc6 3.Bb5 Na5 4.c3 a6 5.Ba4 e6 6.O-O Nf6 7.Qe2 b5 8.Bc2 Bb7
9.d4 cxd4 10.cxd4 Be7 11.Nc3 Rc8 12.a3 d5 13.e5 Nd7 14.Ne1 Qb6 15.Qg4 g6
16.Nf3 Nc4 17.h4 f5 18.exf6 Nxf6 19.Qh3 O-O 20.Re1 Rc6 21.Ng5 e5 22.h5 Qxd4
23.Ne6 Qg4 24.Qxg4 Nxg4 25.Nxf8 Bxf8 26.Nxd5 Bc5 27.Ne3 Bxe3 28.fxe3 Rf6
29.Bd1 gxh5 30.b3 Nd6 31.Bxg4 hxg4 32.Bb2 Nf7 33.Rf1 Re6 34.Rac1 Bc6 35.Rc5 Kg7
36.Rfc1 Be4 37.Bc3 g3 38.Rf1 Bc6 39.Be1 Rg6 40.Bxg3 Be4 41.Kf2 Kf6 42.Rc7 Nd6
43.Rc5 Nf5 44.Bxe5+ Ke6 45.g4 Rxg4 46.Rg1 Rxg1 47.Kxg1 Nxe3 48.Bd4 Ng4 49.Rc7 Kd5
50.Rd7+ Kc6 51.Ra7 Bc2 52.b4 Kd5 53.Bc5 Ne5 54.Rxa6 Nc4 55.Kf2 Ba4 56.Rh6 Nxa3
57.Rxh7 Kc4 58.Rh4+ Kb3 59.Ke2 Nc4 60.Rh3+ Ka2 61.Kd3 Nb2+ 62.Kd2 Bb3 63.Rh6 Bd5
64.Bd4 Na4 65.Rh5 Bc4 66.Rh1 Be6 67.Re1 Bf7 68.Re5 Bc4 69.Kc2 Bb3+ 70.Kc1 Bc4
71.Re3 Bf7 72.Bb2 Nxb2 73.Re2 Kb3 74.Rxb2+ Kc3 75.Rf2 Bc4 76.Rf4 Kxb4  1/2-1/2

[Event "TCh-CZE Div1 Zapad 2012-13"]
[Site "Czech Republic CZE"]
[Date "2013.04.07"]
[Round "10.2"]
[White "Kochetkova,J"]
[Black "Vlasak,Lu"]
[Result "0-1"]
[WhiteElo "2304"]
[BlackElo "2330"]

1.e4 c5 2.Nf3 Nc6 3.Bb5 g6 4.Bxc6 dxc6 5.h3 Bg7 6.d3 b6 7.O-O Nh6 8.a4 a5
9.Nbd2 f6 10.Nc4 Nf7 11.Be3 e5 12.b4 axb4 13.a5 bxa5 14.Bxc5 Be6 15.Nfd2 Bf8
16.Bb6 Qb8 17.Bxa5 Be7 18.Bb6 c5 19.Rxa8 Qxa8 20.Qa1 O-O 21.Qb2 Qc6 22.Ra1 Nd6
23.Nxd6 Bxd6 24.Ba7 Ra8 25.Nb3 Qc7 26.Qa2 Qf7 27.Qa5 Bxb3 28.cxb3 Qxb3 29.Qb6 Qe6
30.Qc6 Rc8 31.Qb7 Rc7 32.Qa6 Kf7 33.Bb6 Rd7 34.Qb5 Qe7 35.Rc1 Rb7 36.Qa6 Kg7
37.Kh2 Qd7 38.Qa5 b3 39.Bxc5 b2 40.Rb1 Bxc5 41.Qxc5 Qxd3 42.Qc6 Qxb1 43.Qxb7+ Kh6
44.Qb4 Qc1  0-1

[Event "TCh-CZE Div1 Zapad 2012-13"]
[Site "Czech Republic CZE"]
[Date "2013.04.07"]
[Round "10.1"]
[White "Simek,P2"]
[Black "Jirovsky,M"]
[Result "0-1"]
[WhiteElo "2347"]
[BlackElo "2453"]

1.e4 c5 2.Nf3 Nc6 3.Bb5 g6 4.Bxc6 dxc6 5.d3 Bg7 6.h3 b6 7.O-O Nh6 8.a4 a5
9.Na3 f6 10.Nc4 Nf7 11.Be3 O-O 12.Qe2 Ba6 13.Nfd2 e5 14.b4 f5 15.f3 f4 16.Bf2 axb4
17.a5 Bxc4 18.Nxc4 bxa5 19.Bxc5 Re8 20.Ra4 Bf8 21.Bxf8 Kxf8 22.Rfa1 Nd6 23.Nxa5 Nb5
24.Qf2 Nd4 25.Nb3 Rxa4 26.Rxa4 c5 27.Nxc5 Qc7 28.Nb3 Qxc2 29.Qxc2 Nxc2 30.Ra5 Rd8
31.Nc5 Rd6 32.Rb5 Kg7 33.Rb7+ Kh6 34.Kh2 g5 35.Nd7 Ne1 36.Nxe5 Ra6 37.Rxb4 Ra2
38.Ng4+ Kh5 39.Kg1 Kh4 40.Nf2 Rxf2  0-1

[Event "2nd Martinique Open"]
[Site "Fort-de-France FRA"]
[Date "2013.04.07"]
[Round "9.8"]
[White "Noreskal,S"]
[Black "Verneuil,P"]
[Result "1-0"]
[WhiteElo "1944"]
[BlackElo "2101"]

1.e4 c5 2.Nf3 Nc6 3.Bb5 g6 4.O-O Bg7 5.c3 Nf6 6.Re1 O-O 7.d4 cxd4 8.cxd4 d6
9.h3 a6 10.Bf1 e5 11.d5 Ne7 12.Nc3 Nd7 13.Nd2 b5 14.b4 f5 15.f3 Qb6+ 16.Kh2 Nf6
17.Nb3 Qf2 18.Be3 Qh4 19.Qd2 Nh5 20.Ne2 f4 21.Bg1 g5 22.Bb6 g4 23.Ng1 Ng3
24.Rac1 Rf6 25.fxg4 Bxg4 26.Bf2 Nxf1+ 27.Rxf1 Qh5 28.Rc3 Bh6 29.Nf3 Bxf3
30.Rxf3 Ng6 31.Qc2 Kh8 32.Qc6 Rg8 33.Nc5 Nh4 34.Bxh4 Qxh4 35.R1f2 Rfg6 36.Ne6 Qg3+
37.Kh1 Qh4 38.Qxd6 Rg3 39.Qxe5+ Bg7 40.Nxg7 R3xg7 41.Rxf4 Qg3 42.Rf5  1-0

[Event "FSIM April 2013"]
[Site "Budapest HUN"]
[Date "2013.04.08"]
[Round "3.5"]
[White "Lyell,M"]
[Black "Wittmann,W"]
[Result "1/2-1/2"]
[WhiteElo "2245"]
[BlackElo "2232"]

1.e4 c5 2.Nf3 Nc6 3.Bb5 d6 4.Bxc6+ bxc6 5.O-O Bg4 6.h3 Bh5 7.e5 dxe5 8.g4 e4
9.gxh5 exf3 10.Nc3 Nf6 11.Qxf3 Rc8 12.d3 e6 13.Kh1 g6 14.h6 Be7 15.Bg5 Nd5
16.Bxe7 Qxe7  1/2-1/2

[Event "FSFMA April 2013"]
[Site "Budapest HUN"]
[Date "2013.04.10"]
[Round "5.1"]
[White "Gal,Han"]
[Black "Darazs,Z"]
[Result "1-0"]
[WhiteElo "2075"]
[BlackElo "2126"]

1.e4 c5 2.Nf3 Nc6 3.Bb5 g6 4.O-O Bg7 5.c3 e5 6.d3 Nge7 7.Be3 d6 8.d4 cxd4
9.cxd4 O-O 10.d5 Nb8 11.Nc3 Bg4 12.h3 Bxf3 13.Qxf3 f5 14.Qd1 f4 15.Bd2 a6
16.Be2 h5 17.a4 Nd7 18.a5 Nf6 19.g3 Nh7 20.Kh2 Qe8 21.g4 Qf7 22.Bf3 Qf6 23.gxh5 Qh4
24.hxg6 Ng5 25.Bg4 Nxg6 26.Qe1 f3 27.Rg1 Nf4 28.Rg3 Kf7 29.Qf1 Rh8 30.Qc4 Rae8
31.Qc7+ Re7 32.Be6+ Kf6 33.Qxd6 Rxe6 34.dxe6 Ngxh3 35.Nd5+ Nxd5 36.e7+ Kf7
37.Qxd5+ Ke8 38.Qd8+ Kf7 39.e8=Q+  1-0